000 00297nam a2200121Ia 4500
008 190216s9999||||xx |||||||||||||| ||und||
100 _aSamir Amin
245 0 _aCapitalisam In The Age Of Globalization
260 _bMadhyam Books
_c1997
300 _a158p
650 _aWorld History
942 _cBK
999 _c20765
_d20765